Rozpoznaj Kraj po opisie cz.8 - Statystyki

Ogólne statystyki
  • Ten quiz został rozwiązany 54 razy
  • Średni wynik to 8 z 15
Statystyki odpowiedzi
Wskazówka Odpowiedź % Poprawnych
Jest to wyspiarski kraj w Europie całkowicie otoczony przez Morze Śródziemne. Malta
100%
W tym kraju znajduje się najwyższy szczyt Karpat (Gerlach). Słowacja
100%
Ten kraj jest jedną z trzech monarchii w Afryce, stał się pierwszą Afrykańską drużyną, która doszła do półfinału Mistrzostw Świata w Piłce Nożnej. Maroko
69%
Jest to jedno z 5 komunistycznych państw, jedyne spoza Azji. Kuba
67%
W tym kraju znajduje się drugi najwyższy szczyt na Świecie. Pakistan
60%
W tym kraju nie można żuć gumy. Singapur
58%
Jest to małe podwójnie śródlądowe państwo w Europie. Liechtenstein
51%
W tym kraju znajduje się delta trzeciej największej rzeki w Azji (Mekong). Wietnam
51%
Obecny Mistrz Azji w Piłce Nożnej. Katar
47%
W tym kraju żyje ponad połowa Alpak na Świecie. Peru
42%
W 1992 roku ten kraj uzyskał niepodległość co spowodowało wojnę, która trwała do 1995 roku. Bośnia i Hercegowina
38%
Stolicą tego kraju jest Wagadugu. Burkina Faso
29%
Jest to kraj z największym wskaźnikiem morderstw na 100k mieszkańców (82,84). Salwador
27%
Jest to kraj, który jako pierwszy przyjął chrześcijaństwo jako swoją religię na Świecie. Armenia
22%
Największy producent złota w Afryce. Ghana
18%
Nie znaleziono quizów pasujących do podanych kryteriów
Rozkład punktacji
Procent ludzi z każdym wynikiem
Percentyl według liczby udzielonych odpowiedzi
Twoja historia wyników
Nie rozwiązałeś tego quizu